Statistics for 1990s Oscar Best Supporting Actor Nominees

Click here to take the quiz!

General Stats

  • This quiz has been taken 42 times
  • The average score is 23 of 46

Answer Stats

MovieActor% Correct
Good Will HuntingRobin Williams
97%
A Few Good MenJack Nicholson
93%
Pulp FictionSamuel L. Jackson
93%
Glengarry Glen Ross; Dick TracyAl Pacino
90%
GloryDenzel Washington
90%
Jerry MaguireCuba Gooding Jr.
87%
GoodfellasJoe Pesci
87%
12 MonkeysBrad Pitt
83%
What's Eating Gilbert GrapeLeonardo DiCaprio
83%
Forrest GumpGary Sinise
80%
The Usual SuspectsKevin Spacey
80%
The Fugitive; JFKTommy Lee Jones
80%
Schindler's ListRalph Fiennes
73%
The Truman Show; Apollo 13Ed Harris
70%
UnforgivenGene Hackman
67%
FargoWilliam H. Macy
63%
Shakespeare in LoveGeoffrey Rush
60%
Boogie NightsBurt Reynolds
57%
As Good as It GetsGreg Kinnear
57%
Primal FearEdward Norton
53%
City SlickersJack Palance
53%
The Godfather Part IIIAndy García
50%
AmistadAnthony Hopkins
43%
Ed Wood; Crimes and MisdemeanorsMartin Landau
43%
A Civil ActionRobert Duvall
43%
BugsyBen Kingsley
37%
Driving Miss DaisyDan Aykroyd
37%
BabeJames Cromwell
37%
A Simple PlanBilly Bob Thornton
33%
In the Line of FireJohn Malkovich
33%
In the Name of the FatherPete Postlethwaite
33%
BugsyHarvey Keitel
30%
AfflictionJames Coburn
27%
A Dry White SeasonMarlon Brando
27%
Rob RoyTim Roth
23%
Bullets over BroadwayChazz Palminteri
20%
Do the Right ThingDanny Aiello
20%
Ghosts of MississippiJames Woods
20%
The Crying GameJaye Davidson
20%
Quiz ShowPaul Scofield
20%
Jackie BrownRobert Forster
20%
Dances with WolvesGraham Greene
17%
ShineArmin Mueller-Stahl
10%
Longtome CompanionBruce Davison
10%
Mr. Saturday NightDavid Paymer
10%
Barton FinkMichael Lerner
10%

Score Distribution

Percentile by Number Answered

Percent of People with Each Score

Your Score History

You have not taken this quiz